000 00738nam a2200229Ia 4500
003 GCL
008 140319s9999 xx 000 0 ara d
020 _a919905977
040 _aGCL /
_cGCL
082 0 4 _a910.133
_bع ج
100 1 _aعلى على البنا
245 1 0 _aجغرافية الموارد الاقتصادية /
_cعلى على البنا
260 _aالقاهرة :
_bمكتبة الانجلوالمصرية ،
_c1984
300 _a311 ص ؛
_c24 سم
650 0 4 _aالزراعة
650 0 4 _aالجغرافيا الاقتصادية
650 0 4 _aالانتاج الحيوانى
650 0 4 _aالاخشاب
650 0 4 _aالموارد الاقتصادية
650 0 4 _aالموارد
942 _2ddc
_cBK
999 _c7966
_d7966